LEADER 03052nam0 2200529 i 450 001 VAN00114523 005 20240806100751.898 017 70$2N$a978-3-319-22470-1 100 $a20180206d2016 |0itac50 ba 101 $aeng 102 $aCH 105 $a|||| ||||| 200 1 $aCertified reduced basis methods for parametrized partial differential equations$fJan S. Hesthaven, Gianluigi Rozza, Benjamin Stamm 210 $aCham$cSpringer$d2016 215 $aXIII, 131 p.$cill.$d24 cm 410 1$1001VAN00102596$12001 $aSpringerBriefs in mathematics$1210 $aBerlin [etc.]$cSpringer$d2011- 500 1$3VAN00242013$aCertified reduced basis methods for parametrized partial differential equations$91523221 606 $a35K05$xHeat equation [MSC 2020]$3VANC020092$2MF 606 $a65-XX$xNumerical analysis [MSC 2020]$3VANC019772$2MF 606 $a65M12$xStability and convergence of numerical methods for initial value and initial-boundary value problems involving PDEs [MSC 2020]$3VANC023048$2MF 606 $a65M15$xError bounds for initial value and initial-boundary value problems involving PDEs [MSC 2020]$3VANC023091$2MF 606 $a65M60$xFinite element, Rayleigh-Ritz and Galerkin methods for initial value and initial-boundary value problems involving PDEs [MSC 2020]$3VANC029157$2MF 606 $a65N12$xStability and convergence of numerical methods for boundary value problems involving PDEs [MSC 2020]$3VANC023049$2MF 606 $a65N15$xError bounds for boundary value problems involving PDEs [MSC 2020]$3VANC023067$2MF 606 $a65N30$xFinite elements, Rayleigh-Ritz and Galerkin methods, finite methods for boundary value problems involving PDEs [MSC 2020]$3VANC021532$2MF 606 $a74B05$xClassical linear elasticity [MSC 2020]$3VANC023114$2MF 606 $a80A19$xDiffusive and convective heat and mass transfer, heat flow [MSC 2020]$3VANC023471$2MF 606 $a80A21$xRadiative heat transfer [MSC 2020]$3VANC035914$2MF 610 $aApplied Mathematics$9KW:K 610 $aEarth sciences$9KW:K 610 $aEmpirical interpolation$9KW:K 610 $aPartial Differential Equations$9KW:K 610 $aReduced basis methods$9KW:K 610 $aTime-dependent problems$9KW:K 620 $aCH$dCham$3VANL001889 700 1$aHesthaven$bJan S.$3VANV080534$0503681 701 1$aRozza$bGianluigi$3VANV080558$0755859 701 1$aStamm$bBenjamin$3VANV088605$0755860 712 $aSpringer $3VANV108073$4650 801 $aIT$bSOL$c20250606$gRICA 856 4 $uhttp://dx.doi.org/10.1007/978-3-319-22470-1$zE-book ? Accesso al full-text attraverso riconoscimento IP di Ateneo, proxy e/o Shibboleth 899 $aBIBLIOTECA CENTRO DI SERVIZIO SBA$2VAN15 912 $fN 912 $aVAN00114523 950 $aBIBLIOTECA CENTRO DI SERVIZIO SBA$d15CONS SBA EBOOK 2168 $e15EB 2168 20180206 996 $aCertified reduced basis methods for parametrized partial differential equations$91523221 997 $aUNICAMPANIA LEADER 02356nam0 22005773i 450 001 VAN00300224 005 20260203012944.919 017 70$2N$a9781461215509 100 $a20251103d1999 |0itac50 ba 101 $aeng 102 $aUS 105 $a|||| ||||| 181 $ai$b e 182 $ab 183 $acr 200 1 $aComputational Radiology and Imaging$eTherapy and Diagnostics$fChristoph Börgers, Frank Natterer editors 210 $aNew York$cSpringer$d1999 215 $ax, 281 p.$cill.$d24 cm 410 1$1001VAN00027033$12001 $aˆThe ‰IMA volumes in mathematics and its applications$1210 $aNew York [etc.]$cSpringer$v110 606 $a35R30$xInverse problems for PDEs [MSC 2020]$3VANC021918$2MF 606 $a44A12$xRadon transform [MSC 2020]$3VANC022537$2MF 606 $a65R30$xNumerical methods for ill-posed problems for integral equations [MSC 2020]$3VANC022737$2MF 606 $a92C50$xMedical applications (general) [MSC 2020]$3VANC027825$2MF 606 $a92C55$xBiomedical imaging and signal processing [MSC 2020]$3VANC022145$2MF 610 $aAlgorithms$9KW:K 610 $aApproximations$9KW:K 610 $aDiagnostics$9KW:K 610 $aDifferential equations$9KW:K 610 $aElectron Microscopy$9KW:K 610 $aImaging$9KW:K 610 $aMedical Imaging$9KW:K 610 $aMedicine$9KW:K 610 $aNuclear Medicine$9KW:K 610 $aOptimization$9KW:K 610 $aRadiation$9KW:K 610 $aRadiology$9KW:K 610 $aRadiotherapy$9KW:K 610 $aTomography$9KW:K 610 $aX-rays$9KW:K 620 $aUS$dNew York$3VANL000011 702 1$aBörgers$bChristoph$3VANV095177$4340 702 1$aNatterer$bFrank$3VANV036166$4340 712 $aSpringer $3VANV108073$4650 801 $aIT$bSOL$c20260206$gRICA 856 4 $uhttps://doi.org/10.1007/978-1-4612-1550-9$zE-book ? Accesso al full-text attraverso riconoscimento IP di Ateneo, proxy e/o Shibboleth 899 $aBIBLIOTECA DEL DIPARTIMENTO DI MATEMATICA E FISICA$1IT-CE0120$2VAN08 912 $fN 912 $aVAN00300224 950 $aBIBLIOTECA DEL DIPARTIMENTO DI MATEMATICA E FISICA$d08DLOAD e-Book 13113 $e08eMF13113 20251203 996 $aComputational Radiology and Imaging$94452050 997 $aUNICAMPANIA